| 000 | 01266nam a2200193Ia 4500 | ||
|---|---|---|---|
| 003 | Ost | ||
| 005 | 20260507075736.0 | ||
| 008 | 260507s9999||||xx |||||||||||||| ||und|| | ||
| 040 | _cfsecg | ||
| 041 | _aara | ||
| 100 |
_aالمصري، أحمد محمد _eمؤلف |
||
| 245 | 0 |
_aالكفاءة الانتاجية للمنشآت الصناعية(التكلفة-الوقت-الأداء) / _c أحمد محمد المصري |
|
| 260 |
_aالاسكندرية: _bمؤسسة شباب الجامعة, _c2004 |
||
| 300 |
_a313 صفحة؛ _bإيضاحات ؛ _c23 سم |
||
| 504 | _aببلوغرافيا: ص.287 | ||
| 520 | _aمفهوم الكفاية الإنتاجية،التعريف بوسائل قياس الكفاية الإنتاجية،الوسائل المباشرة لقياس الكفاية الانتاجية،الوسائل المباشرة لقياس الكفاية الإنتاجية للآلات والتجهيزات الآلية،الوسائل المباشرة لقياس الكفاءة الإنتاجية للعمل،الوسائل غير المباشرة لقياس الكفاية الإنتاجية،تطبيقات عملية في الصناعات الغذائية المصرية | ||
| 653 | _aالكفاية الإنتاجية | ||
| 942 | _cكتاب | ||
| 999 |
_c46093 _d46093 |
||